| 000 | 01338cad a22002295a 4500 | ||
|---|---|---|---|
| 001 | L149286 | ||
| 008 | 100217s2010 xxk f 000 0 eng d | ||
| 035 | _a(Sirsi) u149286 | ||
| 041 | 0 | _aeng | |
| 100 | 1 | _aSanto, Philip | |
| 245 | 0 | 0 |
_aSpreading the load _bthe costs of low-energy refurbishments _h[electronic resource] |
| 260 | _c2010 | ||
| 490 |
_aRICS Residential Property Journal _vJan-Feb 2010, 16-17(2) |
||
| 520 | _aConsiders how to produce more houses that comply with the various standards within the Code for Sustainable Homes. Meeting the targets defined by the Climate Change Act 2008, will require a step change in refurbishment activity compared with current practice, involving many more homes and requiring more expensive and potentially more disruptive installations. The challenge is to persuade homeowners and landlords to make substantial investments in energy-saving improvements they know will generate only a relatively modest annual return in terms of cutting energy costs. | ||
| 590 | _aKA | ||
| 650 | 2 | 4 | _aCODE FOR SUSTAINABLE BUILDINGS |
| 650 | 2 | 4 | _aCLIMATE CHANGE ACT 2008 |
| 651 | 4 |
_aUnited Kingdom _y |
|
| 690 | _aBUILT ENVIRONMENT-SUSTAINABLE CONSTRUCTION | ||
| 856 | 4 | 0 |
_uhttps://www.rics.org/site/download_feed.aspx?fileID=5567 _zView this item (member-only access) at www.rics.org |
| 942 | _n0 | ||
| 999 |
_c82111 _d82111 |
||